000 01160nam a2200325Ia 4500
005 20220317001426.0
007 ta
008 210913s2014 ag ao jr 000 0 spa d
020 _a9789871217519
040 _aCO-BoRNBP
_bspa
_erda
_cCO-BoRNBP
041 1 _aspa
_hger
082 0 4 _a111.5
_bD15q
_222
100 1 _aDamm, Antje
_d1965-
_eautora
245 1 1 _a¿Qué es la nada?
_ctextos, ilustraciones y fotografías Antje Damm ; traducción Alejandra Villar
246 3 4 _aNada
_b¿Qué es la nada?
250 _aPrimera edición
264 1 _aArgentina
_bEdiciones iamiqué
_c2014
300 _a[71] páginas sin numerar
_bilustraciones, fotografías a color
_c15 cm
336 _atexto
_btxt
_2rdacontent
337 _asin mediación
_bn
_2rdamedia
338 _avolumen
_bnc
_2rdacarrier
490 0 _aLos Filosos
521 _aRecomendado para un público mayor de 12 años
534 _tNichts und wieder nichts
650 1 7 _aFilosofía moderna
_2LEMB
650 1 7 _aExistencialismo
_xPreguntas y respuestas
_2LEMB
650 1 7 _aÉtica existencial
_xPreguntas y respuestas
_2LEMB
700 1 _aVillar, Alejandra
_etraductora
_9190938
942 _2ddc
_cBK
999 _c6938
_d6938